Central Library OPAC University of Rajshahi

বাংলাদেশে ভোক্তা অধিকার সংরক্ষণে ইসলামি ক্রয়-বিক্রয় পদ্ধতি / (Record no. 83735)

MARC details
000 -LEADER
fixed length control field 01784nam a2200265 a 4500
001 - CONTROL NUMBER
RUCL Control Number 83735
003 - CONTROL NUMBER IDENTIFIER
rucl marc code BD-RjUL
005 - DATE AND TIME OF LATEST TRANSACTION
control field 20240514100313.0
008 - FIXED-LENGTH DATA ELEMENTS--GENERAL INFORMATION
fixed length control field 240514s2022 bg ||||| m||| 00| 0 ben d
035 ## - SYSTEM CONTROL NUMBER
system control number (BD-RjUL)83735
040 ## - CATALOGING SOURCE
Original cataloging agency BD-RjUL
Language of cataloging ben/eng
Transcribing agency BD-RjUL
Modifying agency BD-RjUL
041 ## - LANGUAGE CODE
Language code of Book ben
082 ## - DEWEY DECIMAL CLASSIFICATION NUMBER
DDC Edition number 23
Classification number 381.34
Author mark and Year HAB 2022
100 ## - MAIN ENTRY--PERSONAL NAME
Personal name হাসান, মেহেদী
9 (RLIN) 12994
245 ## - TITLE STATEMENT
Title বাংলাদেশে ভোক্তা অধিকার সংরক্ষণে ইসলামি ক্রয়-বিক্রয় পদ্ধতি /
Statement of responsibility, etc মেহেদী হাসান
Name of Supervisor/Co-Supervisor গবেষণা তত্বাবধায়ক : এফ এম এ এইচ তাকী
246 ## - VARYING FORM OF TITLE
Title proper/short title Islamic Trading system for consumer Rights Protection in Bangladesh /
260 ## - PUBLICATION, DISTRIBUTION, ETC. (IMPRINT)
Place of publication, distribution, etc রাজশাহী :
Name of publisher, distributor, etc ইনস্টিটিউট অব বাংলাদেশ স্টাডিজ,রাজশাহী বিশ্ববিদ্যালয়
Date of publication, distribution, etc ২০২২
300 ## - PHYSICAL DESCRIPTION
Pagination [২], xii, ২৯৭ পাতা ;
Dimensions ২৯ সেমি.
502 ## - DISSERTATION NOTE
Dissertation note থিসিস (পিএইচ.ডি.) -- ইনস্টিটিউট অব বাংলাদেশ স্টাডিজ,রাজশাহী বিশ্ববিদ্যালয়,২০২২
504 ## - BIBLIOGRAPHY, ETC. NOTE
Bibliography, etc গ্রন্থপঞ্জি : পাতা ২৮১-২৯৭
650 ## - SUBJECT ADDED ENTRY--TOPICAL TERM
Topical term or geographic name as entry element ভোক্তা অধিকার সংরক্ষণ
General subdivision ইসলামি ক্রয়-বিক্রয় পদ্ধতি
Geographic subdivision বাংলাদেশ
9 (RLIN) 12995
Topical term or geographic name as entry element Consumer Rights Protection
General subdivision Islamic Trading system
Geographic subdivision Bangladesh
9 (RLIN) 12996
700 ## - ADDED ENTRY--SUPERVISOR/CO-SUPERVISOR NAME
Personal name তাকী, এফ এম এ এইচ, গবেষণা তত্বাবধায়ক
9 (RLIN) 12997
942 ## - ADDED ENTRY ELEMENTS (KOHA)
Source of classification or shelving scheme Dewey Decimal Classification
Koha item type Theses
Holdings
Source of classification or shelving scheme Damaged status Not for loan Collection code Permanent Location Current Location Shelving location Date of accession Source of acquisition Total Checkouts Full call number Barcode Date last seen Copy number Thesis
Dewey Decimal Classification   Not For Loan Theses Central Library, University of Rajshahi Central Library, University of Rajshahi Documentation Section 13/08/2023 Controller of Exam. R.U.   BTHE 381.34 HAB 2022 D4880 14/05/2024 C-1 Theses